| 000 | 00370pab a2200145 454500 | ||
|---|---|---|---|
| 008 | 180718b2015 xxu||||| |||| 00| 0 eng d | ||
| 100 | _aDavis, John B. | ||
| 245 | _aStratification economics and identity economics | ||
| 260 | _c2015 | ||
| 300 | _ap.1215-1229. | ||
| 362 | _aSep | ||
| 650 | _aEconomics | ||
| 773 | _aCambridge Journal of Economics | ||
| 909 | _a109265 | ||
| 999 |
_c109260 _d109260 |
||